Проектирование и расчет вентиляторов: пер. с нем.

Bibliographic Details
Main Author: Бак О.
Summary:Доп. тит. лист на англ. яз.
Language:Russian
Published: Москва, Углетехиздат, 1958
Subjects:
Format: Book
KOHA link:https://koha.lib.tpu.ru/cgi-bin/koha/opac-detail.pl?biblionumber=95176

MARC

LEADER 00000nam0a2200000 4500
001 95176
005 20231031110014.0
035 |a (RuTPU)RU\TPU\book\101931 
035 |a RU\TPU\book\61515 
090 |a 95176 
100 |a 20060421d1958 k y0rusy50 ca 
101 1 |a rus  |c ger 
102 |a RU 
105 |a a z 001zy 
200 1 |a Проектирование и расчет вентиляторов  |e пер. с нем.  |f О. Бак 
210 |a Москва  |c Углетехиздат  |d 1958 
215 |a 363 с.  |c ил. 
300 |a Доп. тит. лист на англ. яз. 
320 |a Библиогр.: с. 359. 
610 1 |a вентиляторы 
610 1 |a проектирование 
610 1 |a расчет 
610 1 |a центробежные вентиляторы 
610 1 |a эксплуатация 
610 1 |a осевые вентиляторы 
610 1 |a испытания 
675 |a 621.63  |v 3 
700 1 |a Бак  |b О. 
801 1 |a RU  |b 63413507  |c 20031126  |g PSBO 
801 2 |a RU  |b 63413507  |c 20110303  |g PSBO 
942 |c BK